Género y nueva ruralidad
Sparad:
| Materialtyp: | Text |
|---|---|
| Publicerad: |
Instituto Interamericano de Cooperación para la Agricultura. IICA. Centro Internacional de Desarrollo Rural. CIDER
|
| Ämnen: | |
| Taggar: |
Lägg till en tagg
Inga taggar, Lägg till första taggen!
|
MARC
| LEADER | 00000 a a2200000 04500 | ||
|---|---|---|---|
| 001 | 31380 | ||
| 003 | |||
| 040 | |||
| 020 | |a 92-9039-476-5 | ||
| 090 | |a 198400 | ||
| 245 | |a Género y nueva ruralidad | ||
| 260 | |a Instituto Interamericano de Cooperación para la Agricultura. IICA. Centro Internacional de Desarrollo Rural. CIDER | ||
| 300 | |a 108 p. |b il. | ||
| 650 | |a GENERO | ||
| 650 | |a MUJERES RURALES | ||
| 650 | |a AMBIENTE RURAL | ||
| 650 | |a DESARROLLO RURAL | ||
| 650 | |a DESARROLLO ECONOMICO Y SOCIAL | ||
| 650 | |a DESARROLLO SOSTENIBLE | ||
| 650 | |a MUJERES | ||
| 650 | |a POBREZA | ||
| 650 | |a ABSOLUTA POBREZA | ||
| 650 | |a TRABAJADORAS | ||
| 650 | |a INGRESOS DE HOGARES | ||
| 650 | |a LIBERALIZACION ECONOMICA | ||
| 650 | |a PROGRAMAS DE AJUSTE | ||
| 650 | |a GUERRA | ||
| 650 | |a RECESION ECONOMI | ||
| 999 | |c 12890 |d 12890 | ||



